000
00316nam a22001217a 4500
020
_a
0-7494-0588-0
082
_a
658.5 RUS'H
100
_a
OXLEY, JOHN, RUSHTON, ALAN
_9
67430
245
_a
HANDBOOK OF LOGISTICS AND DISTRIBUTION MANAGEMENTS
260
_a
LONDON
_b
KOGAN PAGE
_c
1989
300
_a
X, 339P
942
_c
BK
999
_c
575215
_d
575215